000 00528nam a2200193 a 4500
001 1771298254822
003 YourLibrary
005 20260217084906.0
008 260217s2004##################000#0#eng##
020 _a9781403918956
082 0 4 _a337
_bDAS
100 1 _aDas, Dilip K.,
_eauthor.
245 1 0 _aThe Economic Dimensions of Globalization :
260 _bMacmillan Children's Books,
_c2004.
300 _a214 pages
650 0 _aBusiness & Economics.
942 _cENGLISH
040 _aYourLibrary
_beng
_cYourLibrary
999 _c612950
_d612950